brutal (Lyrics)- Olivia Rodrigo - Statistics

General Stats
  • This quiz has been taken 124 times
  • The average score is 208 of 252
Answer Stats
Answer % Correct
I
100%
a
97%
brutal
97%
And
95%
and
95%
be
94%
here
94%
my
94%
out
94%
the
94%
I'm
92%
it's
92%
me
92%
so
92%
you
92%
like
91%
no
89%
Of
89%
of
89%
up
89%
where
88%
dream?
86%
God
86%
if
86%
If
86%
teenage
86%
who
86%
your
86%
before
85%
can
85%
don't
85%
hate
85%
not
85%
one
85%
seventeen
85%
That
85%
that
85%
all
83%
All
83%
fucking
83%
is
83%
life
83%
sick
83%
start
83%
They
83%
Where's
83%
likes
82%
new
82%
youth"
82%
best
80%
cry
80%
"Enjoy
80%
even
80%
for
80%
gonna
80%
in
80%
more
80%
think
80%
am
79%
But
79%
did
79%
might
79%
people
79%
say
79%
time
79%
try
79%
was
79%
wish
79%
die
77%
drink
77%
hates
77%
this
77%
This
77%
to
77%
'Cause
76%
Ego
76%
ego
76%
get?
76%
job
76%
know
76%
someone
76%
tells
76%
tired
76%
are
74%
golden
74%
I'll
74%
Quit
74%
these
74%
years
74%
can't
73%
caught
73%
disappear
73%
disappointed
73%
help
73%
smart
73%
could
71%
every
71%
insecure
71%
love
71%
stick
71%
anxious
70%
song
70%
upset
70%
cool
68%
exploited?
68%
nothing
68%
thanks
68%
write
68%
done
67%
friends
67%
I'd
67%
kinda
67%
myself
67%
severe
67%
crush
65%
Got
65%
have
65%
liked
65%
news
65%
real
65%
way
65%
wreck
65%
broken
64%
feel
64%
nervous
64%
two
64%
heart
62%
parallel
62%
park
62%
they'd
62%
wants
62%
only
61%
lately
58%
Unrelentlessly
52%
perceived
50%
(Ah-ah-ah)
44%
(Ah-ah-ah)
17%
No matching quizzes found
Score Distribution
Percent of People with Each Score
Percentile by Number Answered
Your Score History
You have not taken this quiz